[Event "Pan American-ch School U15 Girls 12th"]
[Site "Callao"]
[Date "2023.10.19"]
[Round "7"]
[White "Vega Infante, Ines Lorena"]
[Black "Neyra Alba, Daniela Sofia"]
[Result "1/2-1/2"]
[WhiteElo "1151"]
[BlackElo "1248"]
[PlyCount "71"]
[EventDate "2023.10.16"]
[EventType "swiss"]
[EventRounds "9"]
[EventCountry "PER"]
[SourceTitle "Mega2024 Update 01"]
[Source "Chessbase"]
[SourceDate "2023.11.12"]
[SourceVersion "1"]
[SourceVersionDate "2023.11.12"]
[SourceQuality "1"]

1. e4 c5 2. Nc3 a6 3. Nf3 Nc6 4. g3 d6 5. Bg2 Nf6 6. 0-0 e5 7. d3 Be7 8. a3 0-0 9. Nd5 Nxd5 10. exd5 Nd4 11. c4 Nxf3+ 12. Bxf3 Bg5 13. b4 cxb4 14. axb4 Bd7 15. d4 Rc8 16. Bxg5 Qxg5 17. Rc1 Qf6 18. dxe5 Qxe5 19. Qe2 Qxe2 20. Bxe2 Rfe8 21. Bf3 b6 22. Rc3 Rc7 23. Rfc1 Rec8 24. Kf1 Bb5 25. Be2 Bd7 26. Ke1 Kf8 27. Kd2 g6 28. Kd3 f5 29. Kd4 Ke7 30. c5 bxc5+ 31. bxc5 dxc5+ 32. Rxc5 Rxc5 33. Rxc5 Rxc5 34. Kxc5 a5 35. f4 h6 36. h4 1/2-1/2

[Event "Pan American-ch School U15 Girls 12th"]
[Site "Callao"]
[Date "2023.10.18"]
[Round "5"]
[White "Pizan Rodriguez, Emelin Solans"]
[Black "Vega Infante, Ines Lorena"]
[Result "1/2-1/2"]
[WhiteElo "1014"]
[BlackElo "1151"]
[PlyCount "84"]
[EventDate "2023.10.16"]
[EventType "swiss"]
[EventRounds "9"]
[EventCountry "PER"]
[SourceTitle "Mega2024 Update 01"]
[Source "Chessbase"]
[SourceDate "2023.11.12"]
[SourceVersion "1"]
[SourceVersionDate "2023.11.12"]
[SourceQuality "1"]

1. e4 d6 2. Nf3 Nf6 3. Nc3 g6 4. Bc4 Bg7 5. d3 c6 6. 0-0 0-0 7. Re1 b5 8. Bb3 Nbd7 9. Bd2 Bb7 10. Qc1 a6 11. Bh6 Nc5 12. Bxg7 Kxg7 13. e5 dxe5 14. Nxe5 Nxb3 15. axb3 c5 16. Ne2 Qd6 17. Ng3 Bc8 18. h3 Be6 19. Qe3 Rfd8 20. Kf1 Qd4 21. Qxd4 Rxd4 22. Nc6 Rd7 23. Ne5 Rc7 24. Ne4 Nxe4 25. dxe4 f6 26. Nf3 f5 27. exf5 Bxf5 28. Rac1 h6 29. Nh4 Bc8 30. Nf3 Bb7 31. Ne5 Rd8 32. Rcd1 Rd6 33. Ng4 a5 34. Ne3 Rcd7 35. Ke2 Rxd1 36. Rxd1 Rxd1 37. Kxd1 Kf6 38. Kd2 Ke5 39. g3 e6 40. h4 Bf3 41. Kd3 Be4+ 42. Kd2 Ba8 1/2-1/2

[Event "Pan American-ch School U15 Girls 12th"]
[Site "Callao"]
[Date "2023.10.17"]
[Round "4"]
[White "Vega Infante, Ines Lorena"]
[Black "Mayeregger Gonzalez, Fiorella Allegra"]
[Result "0-1"]
[WhiteElo "1151"]
[BlackElo "1471"]
[PlyCount "140"]
[EventDate "2023.10.16"]
[EventType "swiss"]
[EventRounds "9"]
[EventCountry "PER"]
[SourceTitle "Mega2024 Update 01"]
[Source "Chessbase"]
[SourceDate "2023.11.12"]
[SourceVersion "1"]
[SourceVersionDate "2023.11.12"]
[SourceQuality "1"]

1. c4 c5 2. Nc3 Nc6 3. g3 g6 4. Bg2 Bg7 5. e3 e6 6. Nge2 Nf6 7. 0-0 d5 8. b3 0-0 9. Bb2 d4 10. exd4 cxd4 11. Nb5 d3 12. Nc1 e5 13. Ba3 Re8 14. Nd6 Re6 15. Nxc8 Rxc8 16. Bh3 e4 17. Bxe6 fxe6 18. Rb1 Nd4 19. Bb2 Nf3+ 20. Kg2 Rc5 21. Re1 Rh5 22. h3 e5 23. Bc3 Nxe1+ 24. Qxe1 Qd7 25. Qh1 Qf5 26. h4 g5 27. Qh3 Qf3+ 28. Kg1 Ng4 29. Qg2 Qd1+ 30. Qf1 Qxf1+ 31. Kxf1 gxh4 32. gxh4 Rxh4 33. Kg2 h5 34. f3 Rh2+ 35. Kg3 exf3 36. Kxf3 Bh6 37. Rb2 e4+ 38. Kxe4 Nf2+ 39. Kf3 Nd1 40. Kg3 Rh1 41. Kg2 Rh4 42. Rb1 Nxc3 43. dxc3 d2 44. Ne2 Re4 45. Kf3 Re3+ 46. Kf2 h4 47. c5 h3 48. Rd1 h2 49. c4 Re7 50. Ng3 Be3+ 51. Kg2 Rg7 52. Kf3 Bxc5 53. Rxd2 Rxg3+ 54. Kxg3 h1Q 55. Rd8+ Bf8 56. Ra8 Qg1+ 57. Kf3 Qb6 58. Ke2 Qa5 59. a4 a6 60. Kd3 Qb4 61. Kc2 Kf7 62. Rc8 Bg7 63. Rc7+ Kg6 64. Rxg7+ Kxg7 65. Kb2 Kf6 66. Ka2 Ke5 67. Kb2 Kd4 68. Ka2 Kc3 69. Ka1 Qxb3 70. c5 Qb2# 0-1